[Event "Tuapse op"]
[Site "Tuapse"]
[Date "2022.06.23"]
[Round "7"]
[White "Kozlov, Vladimir Dm"]
[Black "Saulina, Varvara"]
[Result "0-1"]
[WhiteElo "1784"]
[BlackElo "2199"]
[PlyCount "65"]
[EventDate "2022.06.17"]
[EventType "swiss"]
[EventRounds "9"]
[EventCountry "RUS"]
[SourceTitle "CBM 209 Extra"]
[Source "ChessBase"]
[SourceDate "2022.09.30"]
[SourceVersion "1"]
[SourceVersionDate "2022.09.30"]
[SourceQuality "1"]

1. e4 c5 2. Nf3 d6 3. d4 cxd4 4. Nxd4 Nf6 5. Nc3 a6 6. f3 e5 7. Nb3 Be6 8. Be3 Be7 9. Qd2 0-0 10. 0-0-0 Nbd7 11. g4 b5 12. g5 b4 13. Ne2 Ne8 14. f4 exf4 15. Bxf4 Ne5 16. Ned4 a5 17. Kb1 Nc7 18. h4 Bg4 19. Be2 Bxe2 20. Qxe2 Re8 21. Bxe5 dxe5 22. Nc6 Qc8 23. Nxe7+ Rxe7 24. Nc5 a4 25. Rd2 a3 26. Rhd1 Qh3 27. Qf2 Nb5 28. Rd3 Qg4 29. Nd7 axb2 30. Kxb2 Nc3 31. Rg1 Rxa2+ 32. Kc1 Qxg1+ 33. Qe1 0-1